000 00359nam a22001217a 4500
003 OSt
005 20260210121421.0
008 260210b |||||||| |||| 00| 0 eng d
040 _cCommittee on Information Commications &Publicity Sub-Committee
082 _a363.97
_bICP
245 _aThe global race to S.A.V.E Lives from HIV & AIDS Conference
942 _2ddc
_cBK
999 _c4147
_d4147